[Event "Cto de Aragon  Equipos Cat Preferente"]
[Site "Aragon"]
[Date "2010.02.13"]
[Round "4.23"]
[White "Quintin Navarro Alberto"]
[Black "Artal Alegria Francisco Javier"]
[Result "1-0"]
[WhiteElo "2047"]
[BlackElo "1954"]

1.Nf3 d6 2.d4 h6 3.e4 Bg4 4.Bc4 Nc6 5.c3 e6 6.O-O Nf6 7.h3 Bh5 8.d5 exd5 9.
exd5 Ne5 10.Bb5+ Nfd7 11.Be2 Nxf3+ 12.Bxf3 Bxf3 13.Qxf3 Be7 14.Qg3 g5 15.Be3
O-O 16.Nd2 f5 17.f4 Kh7 18.Nf3 g4 19.hxg4 Rg8 20.g5 Nf6 21.Qh3 Ng4 22.Nh2 Rg6
23.Nxg4 fxg4 24.Qxg4 hxg5 25.Qh5+ Kg7 26.f5 Rh6 27.Bd4+ Bf6 28.Qxg5+ Kh7 29.
Bxf6 Qxf6 30.Qxf6 Rxf6 31.Rae1 Raf8 32.g4 Kh6 33.Kg2 c6 34.dxc6 bxc6 35.Kg3
R8f7 36.Kf4 Kg7 37.Kg5 d5 38.b4 a5 39.a3 axb4 40.axb4 c5 41.bxc5 Rc6 42.f6+
Kf8 43.Ra1 Rd7 44.Kg6 Rg7+ 45.Kf5 Rgc7 46.Rh1 Kg8 47.Ra8+ Rc8 48.Rxc8+ Rxc8
49.Kg6 Rc7 50.f7+ Rxf7 51.Rh8+ 1-0

[Event "Cto de Aragon  Equipos Cat Preferente"]
[Site "Aragon"]
[Date "2010.02.13"]
[Round "4.24"]
[White "Mombiela de Sus Jose Luis"]
[Black "Arregui Untoria Carlos"]
[Result "1-0"]
[WhiteElo "1933"]
[BlackElo "2039"]

1.b4 e6 2.Bb2 Nf6 3.a3 b6 4.e3 Bb7 5.Nf3 c5 6.b5 d5 7.Be2 Bd6 8.d3 O-O 9.Nbd2
Nbd7 10.c4 Qc7 11.O-O Rad8 12.h3 Ne5 13.Bxe5 Bxe5 14.Nxe5 Qxe5 15.a4 dxc4 16.
Nxc4 Qg5 17.g3 Ne4 18.Qe1 Nd6 19.Qc3 Qd5 20.f3 Nf5 21.Kf2 f6 22.a5 Ra8 23.Rg1
Nd6 24.e4 Nxb5 25.exd5 Nxc3 26.axb6 axb6 27.Nxb6 Rxa1 28.Rxa1 exd5 29.Ra7 Re8
30.Bf1 Bc6 31.Rc7 Re6 32.f4 d4 33.Nc4 Nd5 34.Rc8+ Kf7 35.f5 Re8 36.Rxc6 Ra8
37.Re6 h5 38.Re2 h4 39.g4 Nf4 40.Rc2 Ke7 41.Kf3 Nd5 42.Rb2 Nb4 43.Ke2 Ra1 44.
Bg2 Rg1 45.Kf2 Rd1 46.Ke2 Rg1 47.Be4 Rg3 48.Rb1 Rxh3 49.Rh1 Rxh1 50.Bxh1 Kf7
51.Nd6+ Kg8 52.Ne4 Na6 53.Kd2 Kf7 54.Kc1 g5 55.Kb2 Ke7 56.Kb3 Nc7 57.Kc4 Ne8
58.Kxc5 Kd7 59.Kxd4 1-0

[Event "Cto de Aragon  Equipos Cat Preferente"]
[Site "Aragon"]
[Date "2010.02.13"]
[Round "4.25"]
[White "Hernandez Delgado Gabriel"]
[Black "Carruez Berges Santiago"]
[Result "0-1"]
[WhiteElo "2004"]
[BlackElo "2120"]

1.Nf3 Nf6 2.g3 g6 3.Bg2 Bg7 4.O-O O-O 5.d3 Nc6 6.e4 d6 7.h3 e5 8.Re1 Bd7 9.Nc3
Nh5 10.Be3 Nd4 11.Bxd4 exd4 12.Ne2 c5 13.c3 dxc3 14.bxc3 Bc6 15.Qc2 Re8 16.g4
Nf6 17.c4 h5 18.Nh2 hxg4 19.hxg4 Qd7 20.f3 Rab8 21.a4 Bh6 22.Nc3 Re7 23.Bh3
Bf4 24.Nf1 Nh7 25.Ne3 Ng5 26.Bg2 Bg3 27.Ncd5 Nh7 28.Bh3 Ree8 29.Rf1 Qd8 30.f4
Qh4 31.Qg2 g5 32.Rad1 Bxd5 33.Nxd5 gxf4 34.Nxf4 Ng5 35.Rb1 Bxf4 36.Rxf4 Nxh3+
0-1

[Event "Cto de Aragon  Equipos Cat Preferente"]
[Site "Aragon"]
[Date "2010.02.13"]
[Round "4.26"]
[White "Temprano L"]
[Black "De la Riva Fernandez Eduardo"]
[Result "1-0"]
[WhiteElo "2087"]
[BlackElo "1997"]

1.e4 e6 2.d4 d5 3.e5 c5 4.c3 Nc6 5.Nf3 Nge7 6.a3 Nf5 7.Be3 Be7 8.Bd3 Qb6 9.Qd2
Bd7 10.dxc5 Bxc5 11.Bxc5 Qxc5 12.O-O d4 13.Bxf5 dxc3 14.Nxc3 exf5 15.Rac1 Qa5
16.b4 Qd8 17.Qd6 Qe7 18.Nd5 Qxd6 19.exd6 O-O 20.Nc7 Rad8 21.b5 Nb8 22.Rfe1 Bc8
23.Rcd1 Nd7 24.Nd5 Rfe8 25.Rxe8+ Rxe8 26.Ne7+ Kf8 27.Rc1 Nb6 28.Nxc8 Rd8 29.
Nxb6 axb6 30.Rd1 f6 31.Kf1 Kf7 32.d7 Ke7 33.Ke2 f4 34.Nd4 g6 35.Nc2 Ke6 36.Nb4
f5 37.Rd4 g5 38.Kd3 g4 39.Nc6 Rxd7 40.Rxd7 Kxd7 41.Nd4 Kd6 42.Nxf5+ Ke5 43.Nh6
1-0

[Event "Cto de Aragon  Equipos Cat Preferente"]
[Site "Aragon"]
[Date "2010.02.13"]
[Round "4.27"]
[White "Labrador Postigo Francisco Manuel"]
[Black "Tirapo Larcuen Ana"]
[Result "0-1"]
[WhiteElo "1906"]
[BlackElo "1887"]

1.d4 Nf6 2.Nf3 g6 3.c4 Bg7 4.Nc3 d6 5.e4 O-O 6.Be2 e5 7.d5 a5 8.O-O Na6 9.Ne1
Nc5 10.f3 Nh5 11.Nd3 Nxd3 12.Bxd3 Nf4 13.Ne2 Qf6 14.Rb1 h5 15.b4 axb4 16.Nxf4
exf4 17.Bb2 Qg5 18.Bxg7 Kxg7 19.Qd2 h4 20.Kh1 f6 21.Rxb4 h3 22.Rb2 Rh8 23.Rg1
hxg2+ 24.Qxg2 Qxg2+ 25.Rbxg2 g5 26.c5 Ra3 27.Rd2 Bd7 28.cxd6 cxd6 29.Rb1 b5
30.Bxb5 Bxb5 31.Rxb5 Rxf3 32.Rb7+ Kg6 33.Rd7 Re3 34.Rxd6 Rxe4 35.Rc6 f3 36.Kg1
Re1+ 37.Kf2 Re2+ 38.Rxe2 fxe2 39.d6 Rxh2+ 40.Ke1 Kf7 41.d7 Ke7 42.Rd6 Rh8 43.
Rd5 Rd8 44.Kxe2 Rxd7 45.Ra5 Ke6 46.a4 Rd4 47.Ra8 Kf5 48.a5 g4 49.a6 Ra4 50.a7
Kf4 51.Rf8 Rxa7 52.Rxf6+ Kg3 53.Rh6 Rf7 54.Rg6 Rf5 55.Rg8 Kh3 0-1

[Event "Cto de Aragon  Equipos Cat Preferente"]
[Site "Aragon"]
[Date "2010.02.13"]
[Round "4.28"]
[White "Alava Ruiz Jorge"]
[Black "Gimeno Garcia David"]
[Result "0-1"]
[WhiteElo "1805"]
[BlackElo "1515"]

1.d4 Nf6 2.c4 c5 3.d5 b5 4.e3 b4 5.b3 d6 6.Qc2 g6 7.Nd2 Bg7 8.Bb2 O-O 9.Be2 a5
10.Ngf3 Nbd7 11.O-O Nb6 12.e4 a4 13.a3 axb3 14.Qxb3 Bd7 15.axb4 Na4 16.Bxf6
Bxf6 17.Ra3 Nc3 18.Bd3 Ba4 19.Rxa4 Nxa4 20.b5 Qa5 21.Rc1 Nb6 0-1

[Event "Cto de Aragon  Equipos Cat Preferente"]
[Site "Aragon"]
[Date "2010.02.13"]
[Round "4.29"]
[White "Hinojar Basa Alfonso"]
[Black "Salamero Pelay Fernando"]
[Result "1-0"]
[WhiteElo "2223"]
[BlackElo "2131"]

1.e4 g6 2.d4 Bg7 3.Nc3 d6 4.Bg5 h6 5.Be3 a6 6.g3 b5 7.Bg2 Bb7 8.Qd2 Nd7 9.Nge2
Nb6 10.b3 Nf6 11.f3 Nfd7 12.O-O c5 13.Rae1 Rc8 14.d5 b4 15.Nd1 Nf6 16.h3 Qd7
17.g4 Qb5 18.c4 bxc3 19.Nexc3 Qb4 20.Nb1 a5 21.Rf2 h5 22.Bf1 Qxd2 23.Nxd2 hxg4
24.hxg4 Nfd7 25.Bb5 Kd8 26.Rh2 Ne5 27.Rxh8+ Bxh8 28.Kf2 Kc7 29.Kg3 Ra8 30.f4
Ned7 31.a4 Bg7 32.Rh1 Rh8 33.Rxh8 Bxh8 34.Nc4 f5 35.Nxa5 fxe4 36.Nxb7 Kxb7 37.
a5 Nxd5 38.Bxd7 Ka6 39.Bc6 Nxe3 40.Nxe3 Kxa5 41.Bxe4 e6 42.Bxg6 d5 43.Bf7 d4
44.Nd1 e5 45.fxe5 Bxe5+ 46.Kf3 Kb4 47.Ke4 Bg7 48.g5 Ka3 49.Bd5 1-0

[Event "Cto de Aragon  Equipos Cat Preferente"]
[Site "Aragon"]
[Date "2010.02.13"]
[Round "4.30"]
[White "Gella Bitrian Diego"]
[Black "Jario Garcia Ricardo"]
[Result "0-1"]
[WhiteElo "1950"]
[BlackElo "2138"]

1.e4 e6 2.d4 d5 3.Nd2 Be7 4.Ngf3 c5 5.c3 Nc6 6.exd5 Qxd5 7.Bc4 Qd8 8.dxc5 Bxc5
9.Ne4 Qxd1+ 10.Kxd1 Be7 11.Bf4 Nf6 12.Nfg5 h6 13.Nxf6+ gxf6 14.Ne4 e5 15.Bc1
f5 16.Ng3 f4 17.Ne4 f5 18.Nd2 e4 19.g3 f3 20.Nf1 Ne5 21.Ne3 Nxc4 22.Nxc4 Be6
23.Ne5 O-O-O+ 24.Kc2 Bc5 25.Rf1 Rd5 26.Ng6 Rhd8 27.b4 Bf8 28.Nf4 R5d6 29.Nxe6
Rxe6 30.Be3 Bg7 31.Rfd1 Rc6 32.Rxd8+ Kxd8 33.Rd1+ Ke7 34.Bd4 Bxd4 35.Rxd4 Ra6
36.Kb3 Rd6 37.Rc4 Rd2 38.g4 Rxf2 39.gxf5 Re2 40.Rc7+ Kf6 0-1

[Event "Cto de Aragon  Equipos Cat Preferente"]
[Site "Aragon"]
[Date "2010.02.13"]
[Round "4.31"]
[White "Sancho Cortes Miguel Angel"]
[Black "Biarge Carnicer Arturo"]
[Result "1-0"]
[WhiteElo "2082"]
[BlackElo "1899"]

1.e4 c5 2.Nf3 d6 3.d4 Nf6 4.Nc3 cxd4 5.Nxd4 a6 6.f3 e5 7.Nb3 Be6 8.Be3 Be7 9.
Qd2 Nbd7 10.O-O-O b5 11.g4 Nb6 12.g5 Nh5 13.h4 b4 14.Nd5 Bxd5 15.exd5 Ng3 16.
Rg1 Nxf1 17.Rdxf1 Nc4 18.Qd3 Nxe3 19.Qxe3 Qc7 20.Qd3 Rc8 21.Rg4 Qb6 22.Nd2 O-O
23.Ne4 Rc7 24.Nf6+ Bxf6 25.gxf6 g6 26.Qd2 Rfc8 27.Qh6 Rxc2+ 28.Kb1 Rxb2+ 29.
Kxb2 Rc2+ 30.Kb1 1-0

[Event "Cto de Aragon  Equipos Cat Preferente"]
[Site "Aragon"]
[Date "2010.02.13"]
[Round "4.32"]
[White "Bellosta Lopez Pablo"]
[Black "Ruiperez Gumiel Ramon"]
[Result "1-0"]
[WhiteElo "1892"]
[BlackElo "1878"]

1.e4 c5 2.Nf3 Nc6 3.d4 cxd4 4.Nxd4 Nf6 5.Nc3 e5 6.Ndb5 d6 7.Bg5 a6 8.Na3 b5 9.
Nd5 Be7 10.Bxf6 Bxf6 11.c3 O-O 12.Nc2 Bg5 13.a4 bxa4 14.Rxa4 Ne7 15.Bc4 a5 16.
h4 Bh6 17.g4 Nxd5 18.Bxd5 Bd7 19.Ra1 Bf4 20.Bxa8 Qxa8 21.f3 Bg3+ 22.Kf1 Qa7
23.Qd2 d5 24.Kg2 Bf4 25.Qxd5 Be6 26.Qxa5 Qd7 27.Rad1 Qc8 28.Nb4 Bxg4 29.Nd5
Qc4 30.Rhe1 Qb3 31.Nxf4 exf4 32.fxg4 Qc2+ 33.Kf3 Qh2 34.Rd8 Qh3+ 35.Kxf4 Qh2+
36.Ke3 1-0

[Event "Cto de Aragon  Equipos Cat Preferente"]
[Site "Aragon"]
[Date "2010.02.13"]
[Round "4.35"]
[White "Bailo Remacha Santiago"]
[Black "Cervera Jimenez Javier"]
[Result "1/2-1/2"]
[WhiteElo "1991"]
[BlackElo "2095"]

1.c4 Nf6 2.d4 g6 3.b3 Bg7 4.Bb2 d5 5.Nc3 O-O 6.e3 c5 7.dxc5 Qa5 8.Qd2 dxc4 9.
Bxc4 Rd8 10.Qc2 Bf5 11.b4 Qxb4 12.Qb3 Qxb3 13.axb3 Ne4 14.Nge2 Rd2 15.f3 Rxb2
16.fxe4 Bg4 17.O-O 1/2-1/2

[Event "Cto de Aragon  Equipos Cat Preferente"]
[Site "Aragon"]
[Date "2010.02.13"]
[Round "4.37"]
[White "Sig Vargas Marcos"]
[Black "Horton Justin"]
[Result "1-0"]
[WhiteElo "2108"]
[BlackElo "2106"]

1.e4 e5 2.Bc4 Nf6 3.d3 Nc6 4.Nc3 Bb4 5.Ne2 d5 6.exd5 Nxd5 7.O-O Be6 8.Ne4 Be7
9.N2g3 O-O 10.Qh5 Qd7 11.Ng5 Bxg5 12.Bxg5 Bg4 13.Qh4 Nde7 14.h3 Be6 15.Ne4
Bxc4 16.Nc5 Qd4 17.Bxe7 Nxe7 18.Qxe7 Rfe8 19.Qxc7 Rac8 20.c3 Qxf2+ 21.Kxf2
Rxc7 22.b4 b6 23.dxc4 bxc5 24.Rac1 Kf8 25.Rfd1 Rec8 26.b5 Ke7 27.Rd5 f6 28.
Rcd1 Rb8 29.a4 Rbb7 30.a5 a6 31.Rb1 Rd7 32.bxa6 Ra7 33.Rb6 Rdc7 34.Ke3 Kf7 35.
Ke4 Kg6 1-0

[Event "Cto de Aragon  Equipos Cat Preferente"]
[Site "Aragon"]
[Date "2010.02.13"]
[Round "4.38"]
[White "Perez Puyal Jose Joaquin"]
[Black "Escuer Sanchez Nestor"]
[Result "1/2-1/2"]
[WhiteElo "1909"]
[BlackElo "2094"]

1.e4 e6 2.c4 b6 3.Nc3 Bb7 4.Nf3 d6 5.d4 Nd7 6.Bd3 e5 7.O-O Ngf6 8.Bg5 Be7 9.
Re1 h6 10.Bh4 O-O 11.Qc2 exd4 12.Nxd4 Ne5 13.Rad1 Nfd7 14.Bg3 Nxd3 15.Rxd3 Bf6
16.Nd5 Bxd4 17.Rxd4 Re8 18.Red1 Rc8 19.f3 Qg5 20.Bf4 Qg6 21.Nxc7 Rxc7 22.Rxd6
Bxe4 23.fxe4 Qxe4 24.Qxe4 Rxe4 25.Bg3 Ne5 26.b3 Re7 27.R1d2 f6 28.Bxe5 R4xe5
29.Kf2 Kf7 30.Rd7 Rf5+ 31.Kg3 Re5 32.Kf2 Rf5+ 33.Kg3 Re5 1/2-1/2

[Event "Cto de Aragon  Equipos Cat Preferente"]
[Site "Aragon"]
[Date "2010.02.13"]
[Round "4.39"]
[White "Andreu Sin Raul"]
[Black "Yanez Acin Gonzalo"]
[Result "1-0"]
[WhiteElo "2053"]
[BlackElo "1895"]

1.c4 e5 2.Nc3 Nf6 3.e3 Nc6 4.d4 exd4 5.exd4 d5 6.Nf3 Bb4 7.a3 Bxc3+ 8.bxc3 Be6
9.c5 O-O 10.Bd3 Ne4 11.Qc2 Re8 12.O-O h6 13.h3 Nf6 14.Bf4 Qd7 15.a4 Nh5 16.Bh2
g5 17.h4 gxh4 18.Nxh4 Ng7 19.Qd2 Nf5 20.Nxf5 Bxf5 21.Bxf5 Qxf5 22.Bxc7 Rac8
23.Bg3 Re6 24.Rab1 Na5 25.Rb5 b6 26.Qa2 Nc4 27.cxb6 axb6 28.Rbb1 Rce8 29.Rb5
Re1 30.Qxc4 Qe4 31.f3 Qe3+ 32.Bf2 dxc4 33.Bxe3 R8xe3 34.Rxe1 Rxe1+ 35.Kf2 Rc1
36.Rxb6 Rxc3 37.Rxh6 Ra3 38.Rc6 c3 39.Rc4 c2 40.Rxc2 Rxa4 41.Rd2 Kf8 42.Ke3
Ke7 43.g4 Kd6 44.Ke4 Ra1 45.Kf5 Rf1 46.Rd3 Kd5 47.Kf6 Kc4 48.Ra3 Kxd4 49.Kxf7
Ke5 50.Ra5+ 1-0

[Event "Cto de Aragon  Equipos Cat Preferente"]
[Site "Aragon"]
[Date "2010.02.13"]
[Round "4.40"]
[White "Argibay Fontan Santiago"]
[Black "Avellanas Pau Miguel Angel"]
[Result "0-1"]
[WhiteElo "1849"]
[BlackElo "1927"]

1.e4 d5 2.exd5 Qxd5 3.Nc3 Qd6 4.d4 Nf6 5.Nf3 a6 6.Be2 Bf5 7.O-O Nbd7 8.a3 e6
9.Nh4 Bg6 10.Bf3 O-O-O 11.Bg5 Be7 12.Ne2 e5 13.dxe5 Nxe5 14.Qxd6 Nxf3+ 15.Nxf3
Bxd6 16.c3 h6 17.Bh4 Bh5 18.Ned4 Rhe8 19.Rfe1 g5 20.Bg3 Bxg3 21.hxg3 c5 22.Nb3
b6 23.a4 a5 24.Nbd2 g4 25.Rxe8 Nxe8 26.Nc4 gxf3 27.Nxb6+ Kc7 28.Nc4 Nd6 29.
Nxa5 fxg2 30.Kxg2 Bg6 31.Nb3 Kc6 32.Nd2 Rb8 33.b3 Ne4 34.Nc4 Nxc3 35.Ne5+ Kd5
36.Nxg6 fxg6 37.a5 Rxb3 38.a6 Rb8 39.a7 Ra8 40.Ra6 Nb5 41.Rxg6 Rh8 42.Rxh6 Ra8
43.Rh5+ Kd4 44.Rh4+ Kd3 45.Rh5 Kc4 46.Rh4+ Nd4 47.Rh7 Kd3 48.g4 c4 49.g5 Ne6
50.Kf1 Nxg5 51.Rg7 Ne6 52.Rd7+ Kc2 53.Re7 Nd4 54.Ke1 c3 55.f4 Kb2 56.Rb7+ Nb3
57.f5 c2 58.Rc7 c1=Q+ 0-1

[Event "Cto de Aragon  Equipos Cat Preferente"]
[Site "Aragon"]
[Date "2010.02.13"]
[Round "4.41"]
[White "Aparicio Navarro Pedro Jose"]
[Black "Antonano Fernandez Avelino"]
[Result "1-0"]
[WhiteElo "2203"]
[BlackElo "2137"]

1.d4 e6 2.c4 f5 3.Nf3 Nf6 4.e3 b6 5.Bd3 Be7 6.O-O O-O 7.b3 Bb7 8.Ba3 Nc6 9.
Bxe7 Qxe7 10.a3 Ne4 11.Qc2 d5 12.b4 dxc4 13.Bxc4 Nd6 14.Be2 Rf6 15.Nbd2 Rh6
16.Rfc1 Rc8 17.Qa4 e5 18.Rxc6 Bxc6 19.Qxc6 e4 20.Ne5 Rf8 21.g3 g5 22.Qd7 Qf6
23.Rc1 f4 24.Ng4 1-0

[Event "Cto de Aragon  Equipos Cat Preferente"]
[Site "Aragon"]
[Date "2010.02.13"]
[Round "4.42"]
[White "Juberias Segura Santiago"]
[Black "Lana Rodriguez David"]
[Result "0-1"]
[WhiteElo "2111"]
[BlackElo "2177"]

1.c4 e5 2.g3 c6 3.Bg2 Nf6 4.Nc3 Bb4 5.e3 d5 6.Qb3 Bxc3 7.Qxc3 O-O 8.Ne2 Re8 9.
O-O dxc4 10.Qxc4 Be6 11.Qh4 Bd5 12.Nc3 Bxg2 13.Kxg2 Qd3 14.a4 Na6 15.Ra3 Nc5
16.b4 Ne6 17.Nd1 Qd5+ 18.f3 Rad8 19.Nc3 Qd7 20.Ne4 Nd5 21.Nf2 Nf8 22.Qc4 Qe6
23.Qb3 Qg6 24.d3 Qh5 25.e4 Nc7 26.Be3 a6 27.Rd1 Nfe6 28.Bb6 Nd4 29.Bxd4 Rxd4
30.Qc3 Ne6 31.b5 axb5 32.axb5 Rd6 33.bxc6 Rxc6 34.Qb4 Nd4 35.g4 Qh4 36.Qxb7 h5
37.Ra4 Rc2 38.Rf1 hxg4 39.Rxd4 gxf3+ 40.Kxf3 exd4 41.Qb3 Rc3 0-1

[Event "Cto de Aragon  Equipos Cat Preferente"]
[Site "Aragon"]
[Date "2010.02.13"]
[Round "4.43"]
[White "Munoz Munoz Juan Carlos"]
[Black "Gonzalvo Lara Victor"]
[Result "1/2-1/2"]
[WhiteElo "2129"]
[BlackElo "2099"]

1.e4 c5 2.Nc3 d6 3.g3 e5 4.Bg2 g6 5.d3 Bg7 6.f4 Nc6 7.Nh3 Nge7 8.O-O Qb6 9.Kh1
h5 10.f5 gxf5 11.exf5 Bxf5 12.Nd5 Nxd5 13.Rxf5 Nf6 1/2-1/2

[Event "Cto de Aragon  Equipos Cat Preferente"]
[Site "Aragon"]
[Date "2010.02.13"]
[Round "4.44"]
[White "Pellicer Abella Emilio"]
[Black "Sanchez Moreno Jose Carlos"]
[Result "0-1"]
[WhiteElo "1807"]
[BlackElo "2001"]

1.Nf3 Nf6 2.d4 g6 3.Bg5 Bg7 4.c3 d6 5.Bxf6 Bxf6 6.e4 Nc6 7.Bc4 Bd7 8.O-O O-O
9.Nbd2 a6 10.d5 Na5 11.Bd3 b5 12.Nd4 c5 13.dxc6 Nxc6 14.Ne2 Ne5 15.Bc2 Rb8 16.
f4 Qb6+ 17.Kh1 Ng4 18.Rf3 Nf2+ 19.Rxf2 Qxf2 20.Qf1 Qxf1+ 21.Rxf1 b4 22.Nb3 Bb5
23.Re1 Bxe2 24.Rxe2 bxc3 25.e5 dxe5 26.fxe5 Bg5 27.bxc3 Rfc8 0-1

[Event "Cto de Aragon  Equipos Cat Preferente"]
[Site "Aragon"]
[Date "2010.02.13"]
[Round "4.45"]
[White "Cebrian Valverde Jose Antonio"]
[Black "Ansola Marquinez Alberto"]
[Result "0-1"]
[WhiteElo "2189"]
[BlackElo "2147"]

1.d4 {0} 1...e6 2.c4 f5 3.g3 Nf6 4.Bg2 Be7 5.Nf3 O-O 6.O-O d5 7.b3 c6 8.Ne5
Nbd7 9.Nd3 Ne4 10.f3 Nd6 11.Qc2 Nf6 12.Bf4 Nf7 13.Nd2 g5 14.Be5 Nd7 15.e4
Ndxe5 16.dxe5 dxe4 17.fxe4 Qd4+ 18.Kh1 Rd8 19.Rf3 g4 20.Raf1 gxf3 21.Rxf3 Ng5
22.exf5 Nxf3 23.Nxf3 Qxd3 24.Qf2 Qxf5 25.h4 b6 26.Kh2 Bc5 27.Qe2 Qd3 28.Qe1
Rf8 29.Ng5 Bf2 0-1

[Event "Cto de Aragon  Equipos Cat Preferente"]
[Site "Aragon"]
[Date "2010.02.13"]
[Round "4.46"]
[White "Argueso Pascual Jorge"]
[Black "Gimeno Oteo Marco Antonio"]
[Result "1/2-1/2"]
[WhiteElo "1997"]
[BlackElo "2142"]

1.d4 Nf6 2.c4 g6 3.Nc3 Bg7 4.e4 d6 5.Nf3 O-O 6.Be2 e5 7.O-O Nc6 8.d5 Ne7 9.Ne1
Nd7 10.Be3 f5 11.f3 Nf6 12.Nd3 Rf7 13.c5 f4 14.Bf2 h5 15.cxd6 cxd6 16.Rc1 Ne8
17.Qb3 g5 18.Nb5 Ng6 19.Nxa7 Bd7 20.Bb6 Qf6 21.Nf2 Nh4 22.Rc3 g4 23.fxg4 hxg4
24.g3 Ng6 25.Nxg4 Qg5 26.Nf2 Nf6 27.Qd1 Raf8 28.Nb5 1/2-1/2

[Event "Cto de Aragon  Equipos Cat Preferente"]
[Site "Aragon"]
[Date "2010.02.13"]
[Round "4.47"]
[White "Gutierrez Minguenza Ruben"]
[Black "Ruiz Gutierrez Jose Manuel"]
[Result "1-0"]
[WhiteElo "2063"]
[BlackElo "1899"]

1.Nf3 Nf6 2.d4 c5 3.g3 cxd4 4.Nxd4 g6 5.Bg2 Bg7 6.O-O O-O 7.c4 Nc6 8.Nc3 a6 9.
b3 Qc7 10.Bb2 Rb8 11.Rc1 Qa5 12.e3 Ne5 13.Qe2 d6 14.h3 g5 15.f4 Ng6 16.fxg5
Qxg5 17.g4 Nh4 18.Nf3 Nxf3+ 19.Qxf3 h5 20.gxh5 Nxh5 21.Ne4 Qg6 22.Bxg7 Kxg7
23.Kh2 Bd7 24.Rg1 Kh6 25.Rcf1 Qe6 26.Ng3 Qe5 27.Qxh5+ Qxh5 28.Nxh5 Kxh5 29.Rf4
f6 30.Bf3+ 1-0

[Event "Cto de Aragon  Equipos Cat Preferente"]
[Site "Aragon"]
[Date "2010.02.13"]
[Round "4.48"]
[White "Argueso Palomino Manuel"]
[Black "Palomar Ramon Santiago"]
[Result "0-1"]
[WhiteElo "1824"]
[BlackElo "2042"]

1.d4 Nf6 2.Nf3 d5 3.e3 Bg4 4.Bd3 Nbd7 5.c3 e6 6.Nbd2 Bd6 7.O-O c6 8.e4 dxe4 9.
Nxe4 Nxe4 10.Bxe4 Qc7 11.h3 Bh5 12.c4 O-O-O 13.c5 Nxc5 14.Bc2 Nd7 15.Bd2 Nf6
16.b4 Bh2+ 17.Kh1 Rxd4 18.Qe2 Bxf3 19.gxf3 Bf4 20.Bc3 Rd5 21.Bb3 Rh5 22.Kg2
Rg5+ 23.Kh1 Nd5 24.Bxd5 exd5 25.Rg1 Qd7 26.Rxg5 Qxh3+ 27.Kg1 Bh2+ 28.Kh1 Bg3+
0-1

[Event "Cto de Aragon  Equipos Cat Preferente"]
[Site "Aragon"]
[Date "2010.02.13"]
[Round "4.49"]
[White "Gil Capape MA"]
[Black "Donoso Sanchez Alejandro"]
[Result "0-1"]
[WhiteElo "2155"]
[BlackElo "2111"]

1.e4 c5 2.Nf3 e6 3.c4 Nc6 4.Nc3 Nd4 5.d3 Ne7 6.Nxd4 cxd4 7.Ne2 Nc6 8.a3 a5 9.
Qa4 Ra6 10.Bd2 Bc5 11.f4 d6 12.Ng3 Qh4 13.Be2 Bd7 14.O-O Ne5 15.Qd1 Nxc4 16.
dxc4 d3+ 17.Kh1 dxe2 18.Qxe2 O-O 19.Bc3 d5 20.e5 dxc4 21.Ne4 Be7 22.Rf3 Bc6
23.Raf1 Qh5 24.h3 Qf5 25.Re3 Bd5 26.Kh2 Bxe4 27.Rxe4 h5 28.g4 hxg4 29.hxg4
Qh7+ 30.Kg2 Qg6 31.Re3 Rd8 32.Rh1 Rd3 33.Reh3 Rxh3 34.Rxh3 b5 35.Kf1 Qb1+ 36.
Be1 Qg6 37.Qh2 f6 38.Rh8+ Kf7 39.Qg2 Qd3+ 40.Kg1 Qe3+ 41.Bf2 Qc1+ 42.Kh2 Qxf4+
43.Kh3 Qxe5 44.Qb7 Rd6 45.Qa8 Rd3+ 46.Kg2 Qd5+ 0-1

[Event "Cto de Aragon  Equipos Cat Preferente"]
[Site "Aragon"]
[Date "2010.02.13"]
[Round "4.50"]
[White "Sanmiguel Mateo Luis"]
[Black "Vera Aranjuelo Jesus Maria"]
[Result "1/2-1/2"]
[WhiteElo "1968"]
[BlackElo "2111"]

1.e3 d5 2.Nf3 Nf6 3.d4 Bg4 4.Bd3 e6 5.O-O Be7 6.Nbd2 O-O 7.h3 Bh5 8.c3 c5 9.
Re1 cxd4 10.exd4 Nc6 11.b3 Rb8 12.Bb2 b5 13.Rc1 Qb6 14.g4 Bg6 15.Bxg6 hxg6 16.
Ne5 Nxe5 17.dxe5 Nd7 18.Rc2 Rfc8 19.c4 Qc7 20.Bd4 Bb4 21.Re2 Bxd2 22.Rexd2
bxc4 23.bxc4 dxc4 24.Bxa7 Rb7 25.Bd4 Nxe5 26.Bxe5 Qxe5 27.Rd8+ Rxd8 28.Qxd8+
Kh7 29.Qh4+ Kg8 30.Qd8+ Kh7 31.Qh4+ 1/2-1/2

[Event "Cto de Aragon  Equipos Cat Preferente"]
[Site "Aragon"]
[Date "2010.02.13"]
[Round "4.51"]
[White "Galvez Perez Jose Luis"]
[Black "Serrano San Nicolas Angel"]
[Result "1-0"]
[WhiteElo "2005"]
[BlackElo "1865"]

1.c4 e5 2.Nc3 Nc6 3.g3 Bc5 4.Bg2 Nf6 5.e3 d6 6.Nge2 O-O 7.d4 exd4 8.exd4 Bb4
9.O-O Bxc3 10.Nxc3 Bf5 11.a3 a5 12.Bg5 h6 13.Bxf6 Qxf6 14.Nd5 Qd8 15.Re1 Qd7
16.Qd2 Rfe8 17.Rad1 Kf8 18.h4 Rxe1+ 19.Rxe1 Re8 20.Re3 b6 21.b4 axb4 22.axb4
Be6 23.b5 Bxd5 24.Bxd5 Ne7 25.Bf3 Qd8 26.Ra3 d5 27.Qb4 dxc4 28.Bc6 Qd6 29.Qxd6
cxd6 30.Bxe8 Kxe8 31.Kf1 d5 32.g4 h5 33.f3 hxg4 34.fxg4 Kd7 35.h5 Ke6 36.Ra6
Nc8 37.Kf2 f6 38.Ke3 Kd6 39.Kf4 Ke6 40.Ke3 Kf7 41.Kf3 Ke7 42.Kf4 Ke6 43.Ra8
Kd7 44.g5 fxg5+ 45.Kxg5 c3 46.Kg6 c2 47.Ra1 Ke6 48.Re1+ Kd6 49.Rc1 Ne7+ 50.
Kxg7 Nf5+ 51.Kf6 Nxd4 52.h6 Ne2 53.Rxc2 Ng3 54.Rc6+ Kd7 55.h7 Ne4+ 56.Kg6 1-0

[Event "Cto de Aragon  Equipos Cat Preferente"]
[Site "Aragon"]
[Date "2010.02.13"]
[Round "4.52"]
[White "Juni Pardos Marcos"]
[Black "Carraminana Lopez Luis Antonio"]
[Result "0-1"]
[WhiteElo "1820"]
[BlackElo "1986"]

1.e4 d6 2.d4 Nf6 3.Nc3 Nbd7 4.f4 e5 5.Nf3 exd4 6.Qxd4 c6 7.g3 d5 8.e5 Bc5 9.
Qd3 Ng4 10.Nd1 Qb6 11.Be2 Nf2 12.Nxf2 Bxf2+ 13.Kf1 Nxe5 14.Be3 Nxd3 15.Bxb6
Bh3# 0-1

[Event "Cto de Aragon  Equipos Cat Preferente"]
[Site "Aragon"]
[Date "2010.02.13"]
[Round "4.53"]
[White "Cebollada Pacheco Jesus Raul"]
[Black "Sierra Aguerri Joaquin"]
[Result "1/2-1/2"]
[WhiteElo "1989"]
[BlackElo "2014"]

1.e4 d5 2.exd5 Qxd5 3.Nc3 Qa5 4.d4 c6 5.Bc4 Nf6 6.Nf3 Bf5 7.Bd2 e6 8.Qe2 Bb4
9.O-O-O Nbd7 10.a3 Bxc3 11.Bxc3 Qc7 12.Ne5 Ne4 13.Be1 Nxe5 14.dxe5 Qxe5 15.f3
Qf4+ 16.Kb1 Nf6 17.g3 Qc7 18.g4 Bg6 19.Bg3 Qb6 20.h4 h5 21.g5 Nd5 22.Bxd5 cxd5
23.Rxd5 Rc8 24.Rc1 Rxc2 25.Rxc2 Bxc2+ 26.Ka1 Qg1+ 27.Be1 O-O 28.Rd7 Rc8 29.Ka2
b5 30.Qd2 Qf1 31.Rd8+ Rxd8 32.Qxd8+ Kh7 33.Qd2 Bb3+ 34.Kb1 Qxf3 35.Qc1 Kg6 36.
Bc3 e5 37.Qe1 e4 38.Bd2 Qd1+ 39.Qxd1 Bxd1 40.Kc1 Bb3 41.Bc3 f5 42.gxf6 gxf6
43.Kd2 Kf5 44.Ke3 Bc4 45.Bd4 Bd3 46.Bc3 a5 47.Bd4 b4 48.axb4 axb4 49.Kf2 Bb1
50.Ke3 Bc2 51.Kf2 Ke6 52.Ke3 f5 53.Bc5 Ke5 54.Bd4+ Kd5 55.Bg7 Kc4 56.Be5 Bb1
57.Bf6 f4+ 58.Kxf4 Kd3 59.Be7 Kc4 60.Ke3 Bd3 61.Bf6 1/2-1/2

[Event "Cto de Aragon  Equipos Cat Preferente"]
[Site "Aragon"]
[Date "2010.02.13"]
[Round "4.54"]
[White "Vera Jimenez Andres"]
[Black "Garcia Andres Daniel"]
[Result "1-0"]
[WhiteElo "2005"]
[BlackElo "1980"]

1.Nf3 d5 2.b3 c5 3.e3 Nc6 4.Bb2 e6 5.Bb5 Bd7 6.Qe2 a6 7.Bxc6 Bxc6 8.O-O Qb6 9.
d3 f6 10.Nbd2 O-O-O 11.a4 Ne7 12.Rfe1 e5 13.e4 g5 14.exd5 Nxd5 15.a5 Qc7 16.g3
Be7 17.Nc4 Rhe8 18.Nfd2 h5 19.Ne3 Nxe3 20.Qxe3 Qd7 21.Nc4 Qh3 22.f3 h4 23.Bxe5
fxe5 24.Qxe5 b5 25.axb6 Rd7 26.Rxa6 hxg3 27.b7+ 1-0

[Event "Cto de Aragon  Equipos Cat Preferente"]
[Site "Aragon"]
[Date "2010.02.13"]
[Round "4.55"]
[White "Alvarez Gonzalo Miguel Angel"]
[Black "Fernandez Rubio Rafael"]
[Result "0-1"]
[WhiteElo "1925"]
[BlackElo "1958"]

1.c4 e5 2.g3 Nf6 3.Bg2 Bc5 4.e3 Nc6 5.a3 a5 6.Nc3 O-O 7.Nge2 Re8 8.O-O d6 9.d4
Ba7 10.d5 Ne7 11.b4 Bg4 12.h3 Bh5 13.Rb1 axb4 14.axb4 Nd7 15.Ne4 h6 16.Kh2 f5
17.N4c3 g5 18.e4 f4 19.f3 Nf6 20.Qc2 Kg7 21.Nb5 Bf7 22.c5 Qd7 23.Nxa7 Rxa7 24.
b5 Nfxd5 25.gxf4 Nxf4 26.Nxf4 gxf4 27.cxd6 cxd6 28.b6 Ra5 29.Qc7 Rd8 30.Rd1
Nc6 31.Qxd7 Rxd7 32.Rb2 Nd4 33.Bxf4 Bh5 34.Rd3 Rf7 35.Bd2 Ra1 36.f4 Kh7 37.Be3
Nf3+ 38.Kg3 Rg7+ 39.Kf2 Rxg2+ 0-1

[Event "Cto de Aragon  Equipos Cat Preferente"]
[Site "Aragon"]
[Date "2010.02.13"]
[Round "4.56"]
[White "Sancho Casale Jesus"]
[Black "Lafarga Bueno Daniel"]
[Result "1-0"]
[WhiteElo "1950"]
[BlackElo "1840"]

1.d4 Nf6 2.Nf3 d5 3.c4 e6 4.Nc3 Be7 5.Bg5 O-O 6.e3 b6 7.cxd5 Nxd5 8.Bxe7 Qxe7
9.Rc1 Bb7 10.Bd3 Rc8 11.O-O Nd7 12.Nxd5 Bxd5 13.Ba6 c5 14.Bxc8 Rxc8 15.dxc5
bxc5 16.b3 Rd8 17.Qe2 Nf6 18.Rfd1 Ne4 19.Nd2 Nxd2 20.Qxd2 Rc8 21.f3 f5 22.Rc2
Qg5 23.Qe2 Qh4 24.Rdc1 Qb4 25.e4 fxe4 26.fxe4 Qd4+ 27.Kh1 Qxe4 28.Qxe4 Bxe4
29.Rxc5 Rxc5 30.Rxc5 Bd3 31.Rc8+ Kf7 32.Rc7+ Kf6 33.Rxa7 1-0